00000000nam 2200000zi 4500
0019.946551
003CaOODSP
00520250107084634
006m     o  d f      
007cr mn|||||||||
008250107s1976    onc     os   f000 0 fre d
040 |aCaOODSP|bfre|erda|cCaOODSP
043 |an-cn---
045 |ax7x7
0861 |aId40-4/1976F-PDF
24500|aRapport statistique de l'industrie de la fabrication du plastique au Canada.
264 1|aOttawa : |bMinistère de l'industrie et du commerce, Direction des produits chimiques, |c1976.
300 |a1 ressource en ligne (ii, 86 pages)
336 |atexte|btxt|2rdacontent/fre
337 |ainformatique|bc|2rdamedia/fre
338 |aressource en ligne|bcr|2rdacarrier/fre
500 |aPublié aussi en anglais sous le titre : A statistical profile of the plastics processing industry in Canada.
500 |aÉdition numérisée de l'imprimé [par Innovation, sciences et développement économique Canada].
650 6|aMatières plastiques|xIndustrie|zCanada|vStatistiques.
655 7|aStatistiques|2rvmgf
7101 |aCanada. |bMinistè€re de l'industrie et du commerce. |bDirection des produits chimiques, |eorganisme de publication.
77508|tA statistical profile of the plastics processing industry in Canada.|w(CaOODSP)9.933986
85640|qPDF|s1.18 Mo|uhttps://publications.gc.ca/collections/collection_2025/isde-ised/Id40-4-1976-fra.pdf